000 00227nam a2200097Ia 4500
008 190216s9999||||xx |||||||||||||| ||und||
100 _aDurell C V
245 0 _aModern Geometry
260 _bMac Millian And Com. Ltd
942 _cBK
999 _c30352
_d30352